ბათუმის შოთა რუსთაველის სახელმწიფო უნივერსიტეტის ბიბლიოთეკა

დენდროლოგია : ნაწ.1 (ბიბ.ჩანაწერი № 57365)

000 -ლიდერი
ფიქსირებული სიგრძის საკონტროლო ველი 00918nam a22002057a 4500
003 - საკონტროლო ნომრის იდენტიფიკატორი
საკონტროლო ველი Ge_BSU
005 - ბოლო ოპერაციის თარიღი და დრო
საკონტროლო ველი 20200603135813.0
008 - ფიქსირებული სიგრძის მონაცემთა ელემენტები - ზოგადი ინფორმაცია
ფიქსირებული სიგრძის საკონტროლო ველი 200603s2004 xxu||||| |||| 00| 0 geo d
041 ## - ენის კოდი
Language code of text/sound track or separate title geo
080 ## - უნივერსალური ათობითი კლასიფიკაციის ინდექსი
Universal Decimal Classification number 581.526.42 ც-77
100 ## - მთავარი ჩანაწერი - პიროვნების სახელი
Personal name ციცვიძე ალექსანდრე.
9 (RLIN) 8293
245 ## - ცნობა სათაურის შესახებ
Title დენდროლოგია : ნაწ.1
Remainder of title შიშველთესლოვანები /
Statement of responsibility, etc ალექსანდრე ციცვიძე ; გიორგი გიგაური ; გიორგი გაგოშიძე.
264 ## - წარმოების, გამოცემის, დისტრიბუციის და სხვა ცნობები
გამოცემის, წარმოების, დისტრიბუციის... ადგილი თბილისი :
გამოცემის, წარმოების, დისტრიბუციის... სახელწოდება განათლება,
გამოცემის, წარმოების, დისტრიბუციის... თარიღი 2004.
300 ## - ფიზიკური აღწერა
Extent 236 გვ.;
Dimensions 20 სმ.
653 ## - INDEX TERM--UNCONTROLLED
Uncontrolled term დენდროლოგია
653 ## - INDEX TERM--UNCONTROLLED
Uncontrolled term ბოტანიკა
700 ## - ADDED ENTRY--PERSONAL NAME
Personal name გიგაური, გიორგი
9 (RLIN) 5991
700 ## - ADDED ENTRY--PERSONAL NAME
Personal name გაგოშიძე, გიორგი
9 (RLIN) 8294
942 ## - ADDED ENTRY ELEMENTS (KOHA)
Source of classification or shelving scheme
Koha item type წიგნი
ეგზემპლარები
ჩამოწერის სტატუსი დაკარგული ეგზემპლარის სტატუსი კლასიფიკაციის წყარო ან თაროზე გაწყობის სქემა დაზიანების სტატუსი არ გაიცემა მუდმივი მდებარეობა (დაცვის ადგილი) ამჟამინდელი ადგილსამყოფელი თაროზე განთავსების ადგილი შეძენის თარიღი ღირებულება, შესყიდვის ნორმალური ფასი სრული შენახვის შიფრი შტრიხკოდი ბოლო ოპერაციის თარიღი ეგზემპლარის მიმდევრობითი ნომერი (კეტერი?) ფასის ძალაში შესვლის თარიღი ეგზემპლარის სახეობა საჯარო შენიშვნა
          ბათუმის შოთა რუსთაველის სახელმწიფო უნივერსიტეტის მთავარი ბიბლიოთეკა აგრარული და მემბრანული ტექნოლოგიების ინსტიტუტის ბიბლიოთეკა წიგნსაცავი 2020-06-03 10.00 581.526.42 ც-77 60569 2020-06-03 60569 2020-06-03 წიგნი 10.00